| 000 | 00573nam a22001697a 4500 | ||
|---|---|---|---|
| 999 |
_c184494 _d184494 |
||
| 005 | 20220121111323.0 | ||
| 010 | _aENG-131293 | ||
| 020 |
_a978-93-5322-871-2 _c225.00 |
||
| 035 | _aEN-114825 | ||
| 037 | _bDBAD | ||
| 082 | _a000 | ||
| 245 |
_aState Bank of India Clerk: _bJunior Associates (Customer Support & Sales) Preliminary Examination-2021/ |
||
| 260 |
_aNew Delhi _bPrabhat Exam _c2019 |
||
| 270 |
_bNew Delhi _a4/19, Asaf Ali Road _e110002 _k23289555, 23289666 _mprabhatbook@gmail.com |
||
| 300 |
_a215p. _c27cm(pbk) |
||
| 942 |
_2ddc _cEN _h000 _mSBI |
||